Statistics for Biggest Cities in the European Union by Letter - G

Click here to take the quiz!

General Stats

  • This quiz has been taken 182 times
  • The average score is 10 of 20

Answer Stats

RankPopulationCountryHintCity% Correct
2587,000ItalyLiguria, Italian RivieraGenoa
94%
3557,000SwedenVolvoGöteborg
93%
4462,000PolandGerman: DanzigGdańsk
93%
1603,000United KingdomOld FirmGlasgow
91%
5284,000AustriaCapital of StyriaGraz
82%
11235,000SpainAlhambra, Reconquista 1492Granada
80%
8257,000BelgiumSt Bavo's CathedralGhent
72%
15161,000France"Capital of the Alps"Grenoble
70%
12203,000NetherlandsMartinitorenGroningen
53%
7260,000GermanyFC Schalke 04Gelsenkirchen
46%
10247,000PolandImportant seaportGdynia
42%
6273,000Spain1982 World Cup disgraceGijón
41%
16144,000United KingdomDoctor Foster went to ...Gloucester
40%
17129,000HungaryMost important city in NW-HungaryGyör
28%
13177,000SpainMadrid metropolitan areaGetafe
24%
9249,000RomaniaPort town on the DanubeGalați
23%
20121,000United KingdomQuayside, River TyneGateshead
22%
14183,000PolandUpper Silesia, Radio TowerGliwice
17%
18124,000PolandPM Kazimierz MarcinkiewiczGorzów Wielkopolski
8%
19123,000ItalyMost populated Italian city that is not a capitalGiugliano in Campania
4%

Score Distribution

Percentile by Number Answered

Percent of People with Each Score

Your Score History

You have not taken this quiz